MDQL
is popping MORE tags! Check the
thread
!
Quizzes
Events
Quiz Creation
Community
Videos
Private Events
Remove Ads
Sign In
Join for FREE
Feedback
Dark Mode
Quiz Categories
Sports
Geography
Music
Movies
Television
Just For Fun
Miscellaneous
History
Literature
Language
Science
Gaming
Entertainment
Religion
Holiday
For Kids
Quiz Lab
Recent
Popular Today
Quiz Kudos Today
Editor Picks
Curator Picks
Quizzes by...
Day
Popularity
Type
Ratings
Length
Year
Community
Subscriptions
Recent Discussions
Orange Saloon
Badges
Playlists
Quests
Create
Leaderboards
Showdown
Live 5
Trivia Bingo
Activity
Puzzle Library
Sporcle Events
Private Events
Virtual Trivia
Globe League
Become a Host
Pub Owners
SporcleCon
Opinionation
Our Games
Videos
Blog
Mobile Apps
Partnerships
Remove Ads and Go Orange
Feedback
Sports
Athletes
MLB
NBA
NHL
NFL
Soccer
Sports Teams
WWE
NCAA
Football
Premier League
Basketball
Baseball
Hockey
Golf
Tennis
Cricket
Rugby
Auto Racing
Olympics
World Cup
Sports
Athletes
MLB
NBA
NHL
NFL
Soccer
Sports Teams
WWE
NCAA
Football
Premier League
Basketball
Baseball
Hockey
Golf
Tennis
Cricket
Rugby
Auto Racing
Olympics
World Cup
Random Quiz
Search Sporcle
×
Curator Pick
Curator Pick
Sports
WWE
Type in answers that appear in a list
Type in answers that appear in a list
Classic
Best Score? Go Orange.
WWE Big 4 PPV Opponents of Jake Roberts Stats
Can you name the WWE Big 4 PPV Opponents of Jake Roberts?
By
cp420music
10m
42 Questions
2,940 Plays
2,940 Plays
2,940 Plays
Comments
Comments
Give Quiz Kudos
Give Quiz Kudos
-
- Ratings
hide this ad
More Info
Replay
Link that replays current quiz
Next Quiz
Link to next quiz in quiz playlist
You Got
0%
They Got
Avg Score
65%
Avg Friend Score
Upgrade to see
Score Distribution
Jump to the score distribution portion of the page
Score
0/42
Timer
10:00
0
Plays Today
% Correct
Royal Rumble won by Hulk Hogan (Roberts eliminated by Randy Savage)
94.7%
Royal Rumble won by Hulk Hogan (Roberts eliminated by Rick Martel)
94.2%
Royal Rumble won by Ric Flair (Roberts eliminated by Randy Savage)
92.6%
The Undertaker
87.6%
Royal Rumble won by Big John Studd (Roberts eliminated by Andre The Giant)
86%
Royal Rumble won by Shawn Michaels (Roberts eliminated by Vader)
84.9%
Royal Rumble won by Steve Austin (Roberts eliminated by Austin)
84.8%
Owen Hart
82.6%
Rick Martel
81.2%
Rick Martel
81.2%
Andre The Giant
80.9%
Andre The Giant
80.9%
Royal Rumble won by Jim Duggan (Roberts eliminated by One Man Gang)
80.5%
Ted DiBiase
75.6%
Ted DiBiase
75.6%
Rick Rude
73.7%
Rick Rude
73.7%
Vader
72.9%
The British Bulldog
71.8%
The Honky Tonk Man
67.3%
The Honky Tonk Man
67.3%
% Correct
Hunter Hearst Helmsley
61.7%
Hercules
61.2%
Hercules
61.2%
Hercules
61.2%
Mr. Perfect
60.2%
The Warlord
56.7%
The Warlord
56.7%
Goldust
56.2%
Jerry Lawler
55.6%
Jerry Lawler
55.6%
The Barbarian
55.2%
Dino Bravo
50%
Bad News Brown
49.9%
Paul Roma
49.6%
Crush
47.7%
Harley Race
39.4%
Harley Race
39.4%
Danny Davis
37.2%
Ron Bass
37.2%
George Wells
36.5%
Zeus
35.9%
Quiz Playlist
Details
Report
Send in Message
Add To Playlist
More Info:
For Royal Rumble matches, both the winner of the match or the wrestler that eliminated Roberts are acceptable answers.
Classic:
Type in answers that appear in a list
Quiz Source
Last Updated: Jul 1, 2017
Curator Pick in
WWE
Quiz Scoreboard
CHALLENGE
Sign Up to Join the Scoreboard
Show All
Scores
Hide
Comments
May contain spoilers
Recently Published
5x2 Blitz: Bands
by SL_Kpop136
Music
30s
Colored Red Africa Blitz
by spor1
Geography
30s
Find the 'City' Movie
by crazypaving
Movies
60s
More to Explore
Quiz From the Vault
Featured Blog Post
14 Easter Pick-up Lines to Find Eggs With
hide this ad
You Might Also Like...
Tags
WWE Quiz
Big 4
jake
PPV
PPV Opponents
Royal Rumble
snake
Summerslam
Survivor Series
Wrestlemania
WWF
Today's Top Quizzes in Sports
Browse Sports
hide this ad
Today's Top Quizzes in WWE
Browse WWE
Top Contributed Quizzes in Sports
1
Les entraîneurs de l'OM et du PSG au 21e siècle
2
Les meilleurs buteurs des matchs entre le PSG et l’OM
3
Les joueurs passés par le PSG et l'OM
4
Players with Multiple 50 Home Run Seasons
5
2022 World Cup Stars
6
Criteria MLB: Left Handed Sluggers
7
NBA Logic Puzzle 2.0
8
MLB Players with Two .350 Batting Average Seasons
9
Top 10 NHL Goal Scorers of All Time
10
Les joueurs passés par le LOSC et le RC Lens
Explore More
Trending Topics
Marvel
Disney
NBA
Crossword
Kpop
Anime
Harry Potter
Puzzle
NFL
The Office
Soccer
Song
Country
Pokémon
WWE
hide this ad
More By:
cp420music
Quiz
Plays
Rating
Category
Featured
Created
WWE Big 4 PPV Opponents of The Undertaker
120,542
4.35
Sports
Sep 4, 2014
WWE Big 4 PPV Opponents of Chris Jericho
12,000
4.94
Sports
Sep 20, 2014
WWE WrestleMania Champions
10,591
4.78
Sports
Aug 26, 2014
WWE Big 4 PPV Opponents of Brock Lesnar
9,491
4.65
Sports
Nov 11, 2014
WWE Big 4 PPV Opponents of Edge
8,619
4.40
Sports
Sep 6, 2014
Go to Creator's Profile
Score Distribution
Quiz Creator Spotlight
cp420music
Follow
Send a Message
Quizzes Created
-
Created Quiz Play Count
-
More By This Creator
Popular Quizzes Today
1
Colored Red Africa Blitz
2
Find the 'City' Movie
3
Find the US States - No Outlines Minefield
4
5x2 Blitz: Bands
5
The Countries of the World
6
Find the US States
7
US States
8
Find the Countries of Europe - No Outlines Minefield
More Sports Quizzes
Tottenham Hotspur Player of the Year Awards 1987-2023
Quiz Lab
Trending Quizzes
Colored Red Europe Blitz I
Colored Red Africa Blitz II
Colored Red Europe Blitz II
Colored Red Europe Blitz III
Colored Red Africa Blitz III
Recently Updated
How Do You Spell That?
pecheneg
Godzilla Movies
pecheneg
Grab Bag: 4-10 Letters
pecheneg
2024 March Madness Bracket
pecheneg
Famous TV Couples
Peacemaker
Champions League XIs: Real Madrid
pecheneg
Largest US Cities 1790-2010
pecheneg
Rides in Walt Disney World
pecheneg
Most Oscar Losses (Acting)
pecheneg
Beyoncé Albums
pecheneg
Trending Topics
Anime
NBA
Disney
Marvel
Harry Potter
Crossword
Kpop
NFL
Country
The Office
WWE
Puzzle
Soccer
Pokémon
Song
Your Account Isn't Verified!
In order to create a playlist on Sporcle, you need to verify the email address you used during registration. Go to your
Sporcle Settings
to finish the process.
Report this User
Report this user for behavior that violates our
Community Guidelines
.
Details:
Send Report
Go to the Sporcle.com Mobile Site →
Comments